Top 11 Asiatische Länder - WM Teilnahmen - Statistiken

Allgemein
  • Dieses Quiz wurde 122 mal gespielt
  • Das Durchschnittsergebnis liegt bei 7 aus 11
Antwortstatistiken
WM Nation % Korrekt
7 Japan
99%
11 Südkorea
96%
1 China
89%
6 Saudi-Arabien
76%
6 Iran
73%
2 Nordkorea
72%
1 Irak
61%
1 Katar
57%
1 VA Emirate
47%
1 Kuwait
35%
1 Indonesien
34%
Keine übereinstimmenden Quizze gefunden
Verteilung der Resultate
Anzahl Personen mit jedem Resultat
Perzentil nach korrekt beantworteten Fragen
Ihre Resultats-Entwicklung
Sie haben dieses Quiz noch nicht gespielt